Teaching of English/ (Record no. 198838)

MARC details
000 -LEADER
fixed length control field 00506nam a22001817a 4500
005 - DATE AND TIME OF LATEST TRANSACTION
control field 20231121112005.0
010 ## - LCCN (DPL NO)
LC control number ENG-138295
020 ## - INTERNATIONAL STANDARD BOOK NUMBER
International Standard Book Number 9788170637912
Terms of availability 150.00
035 ## - SYSTEM CONTROL NUMBER
System control number EN-121827
037 ## - SOURCE OF ACQUISITION
Source of stock number/acquisition DBAD/PUB
082 ## - DEWEY DECIMAL CLASSIFICATION NUMBER
Classification number 370
Item number 1
100 ## - MAIN ENTRY--PERSONAL NAME
Personal name Ghosal,jayati
245 ## - TITLE STATEMENT
Title Teaching of English/
Statement of responsibility, etc By Jayati Ghoshal
260 ## - PUBLICATION, DISTRIBUTION, ETC. (IMPRINT)
Place of publication, distribution, etc Delhi
Name of publisher, distributor, etc Arya book depot
Date of publication, distribution, etc 2011
270 ## - ADDRESS
Address 30 Naiwala karol bagh
City Delhi
Postal code 110005
300 ## - PHYSICAL DESCRIPTION
Extent 264p.
Dimensions 25cm(pbk)
942 ## - ADDED ENTRY ELEMENTS (KOHA)
Source of classification or shelving scheme Dewey Decimal Classification
Item type English Books
Classification part 370
Call number suffix GHO
Holdings
Withdrawn status Lost status Not for loan Collection code Home library Current library Date acquired Source of acquisition Cost, normal purchase price Full call number Barcode Copy number Cost, replacement price Koha item type
      Non-fiction Bawana Bawana 23/10/2023 DBAD/PUB 150.00 370 GHO EN-121827 1 150.00 English Books

© Delhi Public Library
Hit Counter
free hit counter